[Event "Extremadura-chT"]
[Site "Spain"]
[Date "2009.02.28"]
[Round "6.3"]
[White "Rubio Nevado, Pedro"]
[Black "Moreno del Alamo Vivar, Javier"]
[Result "1-0"]
[WhiteElo "2080"]
[BlackElo "2048"]
[PlyCount "91"]
[EventDate "2009.01.17"]
[EventType "team-swiss"]
[EventRounds "9"]
[EventCountry "ESP"]
[SourceTitle "EXT 2011"]
[Source "ChessBase"]
[SourceDate "2010.11.26"]
[SourceVersion "1"]
[SourceVersionDate "2010.11.26"]
[SourceQuality "1"]
[WhiteTeam "Merida Patrimonio"]
[BlackTeam "Santa Isabel"]
[WhiteTeamCountry "ESP"]
[BlackTeamCountry "ESP"]

1. e4 c5 2. Nf3 d6 3. d4 cxd4 4. Nxd4 Nf6 5. Nc3 a6 6. Bg5 e6 7. f4 Be7 8. Qf3 Qc7 9. 0-0-0 Nbd7 10. g4 b5 11. Bxf6 Nxf6 12. g5 Nd7 13. f5 Nc5 14. h4 b4 15. Nce2 e5 16. Nb3 Bb7 17. Ng3 0-0-0 18. Kb1 Kb8 19. f6 gxf6 20. gxf6 Bf8 21. Bh3 Bh6 22. Bf5 Na4 23. Rhg1 Nb6 24. Na5 Ba8 25. Qd3 Ka7 26. Qb3 Rb8 27. Nh5 Rhf8 28. Qd3 d5 29. Bxh7 Rh8 30. Bf5 Bf8 31. Ng7 Rxh4 32. Nb3 dxe4 33. Qe3 Rd8 34. Ne8 Qb8 35. Ng7 Rf4 36. Rgf1 Rh4 37. Qg3 Rh6 38. Rxd8 Qxd8 39. Qxe5 Rxf6 40. Ne8 Rh6 41. Qf4 Qxe8 42. Qc7+ Bb7 43. Na5 Qb8 44. Qxf7 Ka8 45. Nxb7 Qxb7 46. Qxf8+ 1-0

[Event "Extremadura-chT"]
[Site "Spain"]
[Date "2009.02.07"]
[Round "4.4"]
[White "Moreno del Alamo Vivar, Javier"]
[Black "Elviro Vivas, Fernando"]
[Result "1-0"]
[WhiteElo "2048"]
[BlackElo "1767"]
[PlyCount "87"]
[EventDate "2009.01.17"]
[EventType "team-swiss"]
[EventRounds "9"]
[EventCountry "ESP"]
[SourceTitle "EXT 2011"]
[Source "ChessBase"]
[SourceDate "2010.11.26"]
[SourceVersion "1"]
[SourceVersionDate "2010.11.26"]
[SourceQuality "1"]
[WhiteTeam "Santa Isabel"]
[BlackTeam "Ateneo Cacereno"]
[WhiteTeamCountry "ESP"]
[BlackTeamCountry "ESP"]

1. e4 c5 2. Nf3 Nc6 3. Bb5 e6 4. Bxc6 bxc6 5. d3 d5 6. Nbd2 Ne7 7. 0-0 Ng6 8. b3 Qf6 9. Rb1 Bd6 10. Bb2 e5 11. exd5 cxd5 12. c4 Bb7 13. cxd5 Bxd5 14. Ne4 Bxe4 15. dxe4 0-0 16. g3 Rfd8 17. Qe2 h5 18. Bc1 Be7 19. Bg5 Qe6 20. Bxe7 Qxe7 21. Rbc1 h4 22. Nxh4 Nxh4 23. gxh4 Rd6 24. h5 Qg5+ 25. Kh1 Rd2 26. Qf3 Rad8 27. Rxc5 Rxa2 28. Rg1 Qh4 29. Qg2 g6 30. hxg6 f6 31. Rf1 Rd7 32. Rc8+ Kg7 33. Rc3 Rdd2 34. Rc7+ Kg8 35. g7 Rd8 36. Rc3 Qg5 37. Rg3 Qf4 38. Rg4 Qh6 39. Qg3 Rd7 40. Rh4 Qg5 41. Rg4 Qh6 42. Rg1 Rad2 43. Rh4 Qg5 44. Qh3 1-0